000 01700cad a22002655a 4500
001 E148180
008 090812s2009 xxk f 000 0 eng d
020 _a9781409816478
035 _a(Sirsi) u148180
041 0 _aeng
050 0 4 _a711.1 $2 18
110 2 _aUnited Kingdom
_bDepartment for Communities and Local Government
_94939
245 0 0 _aConsultation paper on proposed amendments to planning policy statement 25, development and flood risk
_h[electronic resource]
260 _aLondon
_bDCLG
_c2009
505 2 _aPart 1: Introduction -- Part 2: The consultation process -- Part 3: The proposed amendments to Planning Policy Statement 25 -- Part 4: Impact assessment -- Part 5: Summary of consultation questions -- Part 6: The consultation criteria
520 _aSeeks views from stakeholders on proposals to clarify elements of the national spatial policy on development and flood risk. Clarifications proposed relate to the identification of the "functional" floodplain and are relevant to areas at risk of flooding which involve essential infrastructure. These include water treatment and sewage treatment works, base facilities for the emergency services, some facilities requiring hazardous, and wind turbines.
520 _aDeadline for comments is 3 November 2009.
521 _aAdvanced
590 _aKA NTK
651 4 _aEngland
_y886-
690 _aENVIRONMENTAL AND LAND CONSULTANCY-PLANNING AND DEVELOPMENT
690 _aENVIRONMENTAL AND LAND CONSULTANCY-WATER RESOURCE MANAGEMENT-FLOODING
856 4 0 _uhttps://www.communities.gov.uk/publications/planningandbuilding/consultationfloodrisk
_zView the order free of charge at www.communities.gov.uk...
942 _n0
999 _c109936
_d109936